LEADER 03197nam 22005652 450 001 9910148794103321 005 20201218130616.0 010 $a90-485-2848-8 024 7 $a10.1515/9789048528486 035 $a(CKB)3710000000916298 035 $a(MiAaPQ)EBC4729291 035 $a(DE-B1597)502846 035 $a(OCoLC)961272406 035 $a(DE-B1597)9789048528486 035 $a(MdBmJHUP)muse76629 035 $a(UkCbUP)CR9789048528486 035 $a(EXLCZ)993710000000916298 100 $a20201126d2016|||| uy| 0 101 0 $aeng 135 $aur||||||||||| 181 $ctxt$2rdacontent 182 $cc$2rdamedia 183 $acr$2rdacarrier 200 10$aRemediating McLuhan /$fRichard Cavell$b[electronic resource] 210 1$aAmsterdam :$cAmsterdam University Press,$d2016. 215 $a1 online resource (201 pages) $cdigital, PDF file(s) 225 1 $aRecursions: theories of media, materiality, and cultural techniques 300 $aTitle from publisher's bibliographic system (viewed on 14 Dec 2020). 311 $a90-8964-950-6 320 $aIncludes bibliographical references and index. 327 $aMachine generated contents note:$tI --$tRe: Mediation --$g1.$tBeyond McLuhanism --$g2.$tMcLuhan and the Question of the Book --$tEmbodiment as Incorporation --$g3.$tMcLuhan and the Body as Medium --$g4.$tMcLuhan, Tactility, and the Digital --$g5.$tMechanical Brides and Vampire Squids --$tEmpathic Media --$g6.$tMcLuhan: Motion: e-Motion Towards a Soft Ontology of Media --$g7.$tRe-Mediating the Medium --$tDetermining Technology --$g8.$tMcLuhan, Turing, and the Question of Determinism --$g9.$tAngels and Robots --$tBeing Mediated --$g10.$tMarshall McLuhan's Echo-Criticism --$g11.$tMcLuhan and the Technology of Being --$tII --$g12.$tThe Tragedy of Media: Nietzsche, McLuhan, Kittler. 330 $aWhile current scholarly interest has assured McLuhan's foundational status as media theorist, it has by no means exhausted the import of his writings, which take on additional layers in the current digital moment. This collection of essays argues that it was McLuhan's confrontation of the bios that was the distinguishing feature of his media theory and the source of its most consistent problematic. Holding that media were extensions of the human, McLuhan also posited that the human was a product of technology. Remediating McLuhan ranges over media theory, art history, bio-technology and deep history in addressing this problematic, and discusses McLuhan in the context of Flusser and Turing, Carl Woese and Daniel Lord Smail. 410 0$aRecursions: theories of media, materiality, and cultural techniques. 606 $aCritical theory 606 $aMass media criticism 606 $aMass media and culture 610 $aMcLuhan. 610 $abiomediation. 610 $amedia theory. 615 0$aCritical theory. 615 0$aMass media criticism. 615 0$aMass media and culture. 676 $a302.23092 700 $aCavell$b Richard$f1949-$0965224 801 0$bUkCbUP 801 1$bUkCbUP 906 $aBOOK 912 $a9910148794103321 996 $aRemediating McLuhan$92785754 997 $aUNINA LEADER 06933nam 22008653 450 001 9911016979603321 005 20230724054345.0 010 $a9782766300716 010 $a2766300716 024 7 $a10.1515/9782766300716 035 $a(CKB)27671071500041 035 $a(MiAaPQ)EBC30696712 035 $a(Au-PeEL)EBL30696712 035 $a(OCoLC)1371042443 035 $a(MdBmJHUP)musev2_112772 035 $a(DE-B1597)666422 035 $a(DE-B1597)9782766300716 035 $a(FR-PaCSA)88948153 035 $a(FRCYB88948153)88948153 035 $a(Perlego)4206833 035 $a(OCoLC)1394119629 035 $a(EXLCZ)9927671071500041 100 $a20230818d2023 uy 0 101 0 $afre 135 $aurcnu|||||||| 181 $ctxt$2rdacontent 182 $cc$2rdamedia 183 $acr$2rdacarrier 200 10$aCorps in/visibles 205 $a1st ed. 210 1$aQu_bec City :$cLes Presses de l'Université Laval,$d2023. 210 4$d©2023. 215 $a1 online resource (218 pages) 225 0 $aReligion et politique 311 08$a9782766300709 311 08$a2766300708 327 $aIntro -- Remerciements -- Introduction -- Florence Pasche Guignard et Catherine Larouche -- Corps et religion -- Le corps dans le tournant matériel des études sur les religions -- Corps et religions au prisme du genre et de la sexualité -- Religion et politique -- Religion et sécularité?: au-delà de la dichotomie -- Perspectives transversales -- Présentation des chapitres -- Chapitre 1 -- Gender and Religion Playing Hide and Seek at the United Nations?? A Reflection on the Place of the Secular and the Post-secular at the Human Rights Council -- Amélie Barras -- Background -- Human Rights Council (HRC) -- Religious NGOs at the UN?: Dominance of Christian organizations. -- Secular tropes -- Case studies -- Case study 1?: What to wear or not to wear?? Walking the delicate line between the religious and nonreligious -- Concluding thoughts -- Chapitre 2 -- «?This is a Catholic country?» ou comment la mort évitable de Savita Halappanavar est devenue l'emblème du mouvement ­pro-choix en République d'Irlande -- Audrey Rousseau -- Contextualiser le refus du libre arbitre des femmes en matière de santé reproductive -- Église et État dans l'édification de la nation irlandaise -- Qu'est-ce qui a mené au décès tragique de Savita Halappanavar?? -- Mobilisations liées à la légalisation de l'avortement et à la poursuite de l'égalité de genre -- L'indignation populaire liée à la mort de Savita -- La campagne Repeal the 8th -- Penser les rapports d'exclusion à travers la pragmatique du langage -- La force illocutoire de l'énoncé «?This is a Catholic country?» -- Logiques d'exclusion et de domination au sein de la nation irlandaise -- Conclusion -- Chapitre 3 -- Les hijras?: une identité genrée indissociable des rituels qui la façonnent -- Mathieu Boisvert -- Le r?t -- La cérémonie du d?dhp?l?n? -- Le nirv?n -- Chapitre 4. 327 $aAt Face Value?? The Politics of Belief?: The Refashioning of the Body in Law and Public Policy and on the Virtual Public Square in the Twenty-first Century -- Zaheeda P. Alibhai -- Context, religion and misrepresentation?: The ban against face coverings -- Zunera Ishaq v. The Minister of Citizenship and Immigration 2015 FC 156 -- The politics of space and belief -- Counterpublics and acts of citizenship on the virtual public square -- Contested spaces?: Transformative places -- Chapitre 5 -- Un point Godwin islamique?? Expériences subjectives de femmes bruxelloises de confession musulmane -- Emilie El Khoury -- Méthode de recherche -- Les origines de la laïcité -- La Belgique, neutre ou laïque?? -- Point Godwin, laïcité et neutralité -- Un point Godwin islamique?? -- Ethnographie bruxelloise?: quelques données de terrain de recherche -- Conclusion -- Chapitre 6 -- Quaint and Curious?: Dress Codes as Signifiers of Cultural and Political Representation for Mennonite Women -- Marlene Epp -- Who are the Mennonites?? -- Mennonites, dress and meaning -- Dress conflicts in early twentieth-century Ontario -- Agency and resistance -- Dress codes in the recent past -- Conclusion -- Chapitre 7 -- Sexual Regulation and Liberation in Quebec?: Gender Relationships as a Driving Force for Social Change -- Géraldine Mossière -- Social change in Quebec and the deregulation of sexual and family models -- Two ethnographic studies, three generations of Québécois -- Baby-boomers' sexual liberation and the resistance to Catholic norms and to the clergy's authority -- Young converts to Islam?: How to make gender relationships innocuous -- Generation X converts to Islam?: Reacting to the baby-boomers' sexual revolution -- Generation X and the claim for morality -- Young new Muslims among Millennials?: Islam as a remedy to mend intersectional injustices -- Conclusion. 327 $aPostface -- Lorsque les corps féminins, la sexualité et la visibilité du religieux défient le sentiment commun -- Solange Lefebvre -- Notices biographiques. 330 $a"Cet ouvrage s'inte?resse a? la place centrale qu'occupe le corps, notamment dans ses aspects genre?s, dans l'expression et la gestion du religieux, par les religions elles-me?mes et par l'E?tat. En effet, au-dela? des impacts des politiques de?cide?es par l'E?tat sur une ou plusieurs religions, on peut e?largir la question et interroger l'influence religieuse--ou ce qu'il en reste--sur ses politiques."--$cFourni par l'e?diteur. 410 0$aReligion et Politique Series 606 $aReligion et politique$vE?tudes de cas 606 $aExpression religieuse dans l'espace public$vE?tudes de cas 606 $aIdentite de genre$xAspect religieux$vE?tudes de cas 606 $aReligion et E?tat$vE?tudes de cas 606 $aCorps humain$xAspect religieux$vE?tudes de cas 608 $aE?tudes de cas. 608 $aElectronic books. 610 $aCatholicisme. 610 $aCorps. 610 $aDroits de l'homme. 610 $aFemmes mennonistes. 610 $aGenre. 610 $aHijras. Islam. 610 $aLibération sexuelle. 610 $aNations Unies. 610 $aPluralisme religieux. 610 $aPolitique. 610 $aReligions. 615 6$aReligion et politique 615 6$aExpression religieuse dans l'espace public 615 6$aIdentite de genre$xAspect religieux 615 6$aReligion et E?tat 615 6$aCorps humain$xAspect religieux 676 $a202/.2 700 $aCollectif$0477972 701 $aPasche Guignard$b Florence$01835510 701 $aLarouche$b Catherine$01835511 801 0$bMiAaPQ 801 1$bMiAaPQ 801 2$bMiAaPQ 906 $aBOOK 912 $a9911016979603321 996 $aCorps in$94412178 997 $aUNINA